|
|
|
|
| LEADER |
00000nab a2200000 a 4500 |
| 001 |
vtls000870486 |
| 003 |
SK-MaSNL |
| 005 |
20260426081801.0 |
| 008 |
250429c2004 xo 0 slo |
| 015 |
|
|
|a SNBRB2004/04-12679
|
| 035 |
|
|
|a CLN000222038
|
| 035 |
|
|
|a urn:nbn:sk:snk-ab20cp
|
| 035 |
|
|
|a (urnnbn)urn:nbn:sk:snk:ar-a01cwp
|
| 035 |
|
|
|a (uuid)5473230a-f6ad-4112-80a6-6b63752cc167
|
| 040 |
|
|
|a SNKBUCL
|b slo
|c SNKBUCL
|e AACR2
|
| 041 |
0 |
|
|a slo
|
| 044 |
|
|
|a xo
|c SK
|
| 080 |
|
|
|a 78.071.2:786.6:061.7
|2 1997
|
| 100 |
1 |
|
|a Horkay, Tomáš,
|d 1970-
|4 aut
|9 103398
|
| 245 |
1 |
0 |
|a Organové koncerty pod Pyramídou
|c Tomáš Horkay
|
| 600 |
1 |
7 |
|a Hanzelová, Katarína,
|d 1958-
|2 snkbucl
|9 222718
|
| 611 |
2 |
7 |
|a Organové koncerty pod Pyramídou
|d (2004 : Bratislava, Slovensko)
|2 snkbucl
|9 1404845
|
| 648 |
|
7 |
|a 8.2.2004
|2 snkbucl
|9 1404846
|
| 650 |
0 |
7 |
|a koncerty
|2 snkbucl
|9 19182
|
| 651 |
|
7 |
|a Bratislava (Slovensko)
|2 snkbucl
|9 14568
|
| 773 |
0 |
|
|t Hudobný život
|g Roč. 36, č. 4 (2004), s. 26
|x 1335-4140
|
| 850 |
|
|
|a Slovenská národná knižnica
|
| 852 |
|
|
|a Slovenská národná knižnica
|
| 954 |
|
|
|a odborná, vedecká literatúra pôvodná (slovenská)
|2 lita
|
| 958 |
|
|
|a article27
|
| 958 |
|
|
|a OND
|
| 958 |
|
|
|a EUIPO
|
| 999 |
|
|
|c 2852154
|d 2854084
|